Call of Duty: Modern Warfare 2: All Campaign Missions - Statistics

General Stats
  • This quiz has been taken 80 times
  • The average score is 12 of 18
Answer Stats
Act Mission Character % Correct
Act II The Only Easy Day...Was Yesterday Roach Sanderson
86%
Act I No Russian Alexei Borodin (Joseph Allen)
84%
Act I S.S.D.D. Joseph Allen
84%
Act II The Gulag Roach Sanderson
80%
Act II Wolverines! James Ramirez
78%
Act III Endgame Soap MacTavish
74%
Act III Whiskey Hotel James Ramirez
68%
Act I Cliffhanger Roach Sanderson
66%
Act III Loose Ends Roach Sanderson
66%
Act III The Enemy of My Enemy Soap MacTavish
66%
Act III Second Sun James Ramirez
62%
Act I Team Player Joseph Allen
58%
Act II The Hornet's Nest Roach Sanderson
58%
Act II Exodus James Ramirez
56%
Act I Takedown Roach Sanderson
56%
Act III Just Like Old Times Soap MacTavish
54%
Act II Of Their Own Accord James Ramirez
50%
Act III Contigency Roach Sanderson
22%
No matching quizzes found
Score Distribution
Percent of People with Each Score
Percentile by Number Answered
Your Score History
You have not taken this quiz